The heritage of Biblical achievements (Record no. 34018)
[ view plain ]
| 000 -LEADER | |
|---|---|
| fixed length control field | 01092cam a22002771 4500 |
| 001 - CONTROL NUMBER | |
| control field | he 68003915 |
| 003 - CONTROL NUMBER IDENTIFIER | |
| control field | DLC |
| 005 - DATE AND TIME OF LATEST TRANSACTION | |
| control field | 20260227111507.0 |
| 008 - FIXED-LENGTH DATA ELEMENTS--GENERAL INFORMATION | |
| fixed length control field | 890501s1966 is 000 0 eng |
| 010 ## - LIBRARY OF CONGRESS CONTROL NUMBER | |
| LC control number | he 68003915 |
| 020 ## - INTERNATIONAL STANDARD BOOK NUMBER | |
| Terms of availability | IL15.00 |
| 040 ## - CATALOGING SOURCE | |
| Original cataloging agency | DLC |
| Transcribing agency | DLC |
| Modifying agency | DLC |
| 050 00 - LIBRARY OF CONGRESS CALL NUMBER | |
| Classification number | BS1193 |
| Item number | .P47 |
| 100 1# - MAIN ENTRY--PERSONAL NAME | |
| Personal name | Perlman, Robert Odehyah. |
| 245 14 - TITLE STATEMENT | |
| Title | The heritage of Biblical achievements |
| Statement of responsibility, etc. | [by] Robert Odehjah Perlman and Assya Malkiely Perlman. |
| 260 ## - PUBLICATION, DISTRIBUTION, ETC. | |
| Place of publication, distribution, etc. | Jerusalem, |
| Name of publisher, distributor, etc. | Jerusalem Institute, |
| Date of publication, distribution, etc. | 1966] |
| 300 ## - PHYSICAL DESCRIPTION | |
| Extent | 3 v. in 1. |
| Dimensions | 22 cm. |
| 500 ## - GENERAL NOTE | |
| General note | Added t.p.: Sefer pitronot ha-Tanakh. |
| 500 ## - GENERAL NOTE | |
| General note | At head of title: The Jerusalem Institute guidebook. |
| 505 0# - FORMATTED CONTENTS NOTE | |
| Formatted contents note | v. 1. The Biblical system of personality development. Advanced practical training for HIAE teachers.--v. 2. Inner personality development.--v. 3. Ḥinukh Yehudi li-mevugarim. |
| 630 00 - SUBJECT ADDED ENTRY--UNIFORM TITLE | |
| Uniform title | Bible. |
| Name of part/section of a work | Old Testament |
| General subdivision | Outlines, syllabi, etc. |
| 700 2# - ADDED ENTRY--PERSONAL NAME | |
| Personal name | Malkiely-Perlman, Assya, |
| Relator term | joint author. |
| 740 0# - ADDED ENTRY--UNCONTROLLED RELATED/ANALYTICAL TITLE | |
| Uncontrolled related/analytical title | Sefer pitronot ha-Tanakh. |
| 740 0# - ADDED ENTRY--UNCONTROLLED RELATED/ANALYTICAL TITLE | |
| Uncontrolled related/analytical title | Pitronot ha-Tanakh. |
| 740 0# - ADDED ENTRY--UNCONTROLLED RELATED/ANALYTICAL TITLE | |
| Uncontrolled related/analytical title | Jerusalem Institute guidebook. |
No items available.